| 000 | 00830cab a2200289 4500 | ||
|---|---|---|---|
| 001 | ABS59435 | ||
| 008 | 090401t1998 xxu||||| |||| 00| 0 eng d | ||
| 035 | _a(Sirsi) u89266 | ||
| 041 | _aeng | ||
| 245 | _aRegional survey; Greater Manchester offices | ||
| 260 | _c1998 | ||
| 350 | _a0 | ||
| 490 |
_aProperty Week _v63(24) 9 October 1998, 44-65(8) |
||
| 650 | _aAIRCRAFT NOISE | ||
| 650 | _aCITY CENTRES | ||
| 650 | _aDIMINUTION IN VALUE | ||
| 650 | _aFLOORSPACE | ||
| 650 | _aMANCHESTER AIRPORT | ||
| 650 | _aMANCHESTER | ||
| 650 | _aPROPERTY-COMMERCIAL PROPERTY-OFFICE PROPERTY-OFFICE PROPERTY MARKET | ||
| 650 | _aPROPERTY VALUES | ||
| 650 | _aRENTAL LEVELS | ||
| 650 | _aSPECULATIVE DEVELOPMENT | ||
| 690 | _aPROPERTY-COMMERCIAL PROPERTY-COMMERCIAL PROPERTY MARKET | ||
| 942 | _n0 | ||
| 948 | _c23/10/1998 | ||
| 999 |
_c56455 _d56455 |
||